| 000 | 00629nam a2200217 a 4500 | ||
|---|---|---|---|
| 001 | 2160 | ||
| 003 | CDMR | ||
| 005 | 20131121123158.0 | ||
| 008 | 130130s1967||||||||||||||||||||||||||||d | ||
| 040 |
_aCDMR _bcat _cCDMR |
||
| 100 | 1 |
_aLane, Robert E. _91610 |
|
| 245 | 1 | 3 |
_aLa opinión pública _cRobert E. Lane, David O. Sears |
| 260 |
_aBarcelona _c1967 _bFontanella |
||
| 300 | _a250 p. | ||
| 490 | 0 |
_aciencias del Hombre _v1 |
|
| 650 | 0 | 4 |
_92537 _aOpinió pública |
| 650 | 0 | 4 |
_94289 _aComunicació _xAspectes socials |
| 650 | 0 | 4 |
_9980 _aComunicació _xAspectes ètics i morals |
| 700 | 1 |
_94373 _aSears, David O. |
|
| 942 |
_cMON _2udc |
||
| 999 |
_c2160 _d2160 |
||